[Event "III Festival A"]
[Site "Vanzaghello ITA"]
[Date "2002.09.21"]
[Round "3"]
[White "De Santis, Alessio"]
[Black "Cacco, Christian"]
[Result "1/2-1/2"]
[WhiteElo "2243"]
[BlackElo "2248"]
[PlyCount "35"]
[EventDate "2002.09.19"]

1. d4 c5 2. d5 e5 3. c4 d6 4. e4 Be7 5. Nc3 Nf6 6. Bd3 O-O 7. Nge2 Nh5 8. Be3
Bg5 9. Qd2 Bxe3 10. Qxe3 Qf6 11. g3 Bg4 12. h3 Qf3 13. Qxf3 Bxf3 14. Rh2 Bxe2
15. Kxe2 a6 16. Ke3 Nd7 17. a3 g6 18. Be2 1/2-1/2

[Event "III Festival A"]
[Site "Vanzaghello ITA"]
[Date "2002.09.21"]
[Round "3"]
[White "Sgnaolin, Davide"]
[Black "Antognini, Francesco"]
[Result "1-0"]
[WhiteElo "2118"]
[BlackElo "2094"]
[PlyCount "101"]
[EventDate "2002.09.19"]

1. e4 e6 2. d4 d5 3. exd5 exd5 4. Nf3 Nf6 5. c4 Be7 6. Nc3 O-O 7. Be2 dxc4 8.
Ne5 Be6 9. O-O Nbd7 10. Nxc4 c6 11. Bf4 Nb6 12. Ne5 Nbd5 13. Bg3 Bf5 14. Qb3
Qb6 15. Bc4 Qxb3 16. Bxb3 Rad8 17. Rfe1 Bb4 18. Rac1 Nxc3 19. bxc3 Ba3 20. Rcd1
Bb2 21. Nc4 Bxc3 22. Re7 Rd7 23. Rxd7 Bxd7 24. Bd6 Re8 25. Be5 Be6 26. Nd6 Bxb3
27. axb3 Re7 28. Rd3 Bxd4 29. Rxd4 Rxe5 30. g3 Re7 31. Nxb7 g6 32. Rd8+ Kg7 33.
Na5 Rc7 34. Rd6 c5 35. Rc6 Rxc6 36. Nxc6 Ne4 37. Nxa7 Nd2 38. Nb5 Kf6 39. f4
Nxb3 40. Kf2 Ke6 41. Nc3 f5 42. Ke3 c4 43. h3 Kd6 44. g4 Kc5 45. gxf5 gxf5 46.
h4 h5 47. Ne2 Kb4 48. Ng3 c3 49. Kd3 Nd4 50. Kxd4 c2 51. Ne2 1-0

[Event "III Festival A"]
[Site "Vanzaghello ITA"]
[Date "2002.09.21"]
[Round "3"]
[White "Stefanetti, Marco"]
[Black "Caligara, Roberto"]
[Result "1/2-1/2"]
[WhiteElo "1876"]
[BlackElo "1827"]
[PlyCount "89"]
[EventDate "2002.09.19"]

1. e4 e5 2. Nf3 Nc6 3. Bc4 Nf6 4. Ng5 d5 5. exd5 Na5 6. Bb5+ c6 7. dxc6 bxc6 8.
Be2 h6 9. Nf3 e4 10. Ne5 Bd6 11. d4 exd3 12. Nxd3 Qc7 13. Nc3 O-O 14. Be3 Re8
15. Qc1 Ng4 16. Bf4 Bf5 17. h3 Bxd3 18. Bxd6 Qxd6 19. cxd3 Ne5 20. O-O c5 21.
Ne4 Qd4 22. Qxc5 Qxb2 23. Qxa5 Qxe2 24. Nd6 Re6 25. Qd5 Rd8 26. Rae1 Qh5 27. g4
Qxh3 28. Re3 Qxg4+ 29. Rg3 Qb4 30. Rxg7+ Kxg7 31. Nf5+ Kh7 32. Qxd8 Qg4+ 33.
Ng3 Nf3+ 34. Kg2 Nh4+ 35. Kh2 Nf3+ 36. Kg2 Ne1+ 37. Kh2 Qf3 38. Kh3 Re5 39. Qh4
Qg2+ 40. Kg4 Rg5+ 41. Qxg5 hxg5 42. Rxe1 f5+ 43. Kxg5 Qxf2 44. Re7+ Kg8 45.
Nxf5 1/2-1/2

[Event "III Festival A"]
[Site "Vanzaghello ITA"]
[Date "2002.09.21"]
[Round "4"]
[White "Antognini, Francesco"]
[Black "Stefanetti, Marco"]
[Result "1-0"]
[WhiteElo "2094"]
[BlackElo "1876"]
[PlyCount "95"]
[EventDate "2002.09.19"]

1. e4 c6 2. d4 d5 3. exd5 cxd5 4. c4 Nf6 5. Nc3 e6 6. Nf3 Be7 7. cxd5 Nxd5 8.
Bd3 Nc6 9. O-O O-O 10. a3 Bf6 11. Bc2 b6 12. Qd3 g6 13. Ne4 Bg7 14. Bg5 f6 15.
Be3 Nxe3 16. fxe3 Qe7 17. Bb3 Kh8 18. Nc3 Bb7 19. e4 Rad8 20. Rfe1 Nxd4 21.
Nxd4 e5 22. Nd5 Bxd5 23. exd5 Qc5 24. Rac1 Qxd4+ 25. Qxd4 exd4 26. Rc7 Rd6 27.
Ree7 Rg8 28. Rxa7 f5 29. Kf1 h5 30. Rac7 Kh7 31. Rc6 Rgd8 32. Rb7 Kg8 33. Rbxb6
Be5 34. h3 Kf8 35. Bc4 Ke7 36. b4 Ra8 37. Rb7+ Kf6 38. Rd7 Rxc6 39. dxc6 Rc8
40. Rf7+ Kg5 41. b5 Rc7 42. Rf8 Kf4 43. Bd5 d3 44. b6 Re7 45. Bc4 d2 46. Be2
Bc3 47. c7 Kg3 48. Rd8 1-0

[Event "III Festival A"]
[Site "Vanzaghello ITA"]
[Date "2002.09.21"]
[Round "4"]
[White "Cacco, Christian"]
[Black "Sgnaolin, Davide"]
[Result "1/2-1/2"]
[WhiteElo "2248"]
[BlackElo "2118"]
[PlyCount "51"]
[EventDate "2002.09.19"]

1. d4 d5 2. Nf3 e6 3. c4 c5 4. cxd5 exd5 5. Nc3 Nc6 6. e3 Nf6 7. Be2 a6 8. a3
cxd4 9. Nxd4 Bd6 10. O-O O-O 11. Nxc6 bxc6 12. b4 Be5 13. Bb2 Ne4 14. Na4 Bxb2
15. Nxb2 Nc3 16. Qd3 Nxe2+ 17. Qxe2 a5 18. Rfc1 axb4 19. axb4 Rxa1 20. Rxa1 Qb6
21. Qd2 Bf5 22. Na4 Qb5 23. Nc5 Rb8 24. h3 h6 25. Ra4 Qc4 26. Qd4 1/2-1/2

[Event "III Festival A"]
[Site "Vanzaghello ITA"]
[Date "2002.09.21"]
[Round "4"]
[White "Damia, Angelo"]
[Black "Caligara, Roberto"]
[Result "1/2-1/2"]
[WhiteElo "1888"]
[BlackElo "1827"]
[PlyCount "60"]
[EventDate "2002.09.19"]

1. e4 e5 2. Nf3 Nc6 3. Bc4 Nf6 4. d3 Bc5 5. Bg5 h6 6. Bh4 d6 7. Nc3 a6 8. Nd5
g5 9. Nxg5 Nxd5 10. Qh5 Qf6 11. Nf3 Qg7 12. Bxd5 O-O 13. h3 Nb4 14. Bb3 Kh8 15.
g4 Be6 16. O-O-O Bxb3 17. axb3 f6 18. Rhg1 d5 19. g5 fxg5 20. Nxg5 Bxf2 21.
Bxf2 Rxf2 22. Ne6 Qf6 23. Rg6 Rxc2+ 24. Kb1 Rxb2+ 25. Ka1 Ra2+ 26. Kb1 Rb2+ 27.
Kxb2 Qf2+ 28. Ka3 Nc2+ 29. Kb2 Nb4+ 30. Ka3 Nc2+ 1/2-1/2

[Event "III Festival A"]
[Site "Vanzaghello ITA"]
[Date "2002.09.21"]
[Round "4"]
[White "Guidi, Maurizio"]
[Black "Pattarello, Pierluigi"]
[Result "1/2-1/2"]
[WhiteElo "1852"]
[BlackElo "1788"]
[PlyCount "56"]
[EventDate "2002.09.19"]

1. e4 e6 2. d4 d5 3. e5 c5 4. Qg4 cxd4 5. Nf3 Nc6 6. Bd3 Qc7 7. O-O Bd7 8. a3
Nxe5 9. Nxe5 Qxe5 10. Bf4 Qf6 11. Bg5 Qe5 12. Bf4 Nh6 13. Qg3 Qh5 14. f3 f6 15.
Re1 Nf5 16. Qf2 Nd6 17. Qxd4 Be7 18. Nc3 Nf5 19. Bxf5 Qxf5 20. Nxd5 Qxd5 21.
Qxd5 exd5 22. Bd6 O-O 23. Rxe7 Rf7 24. Rae1 Bc6 25. Bc5 Rxe7 26. Rxe7 a6 27.
Kf2 Re8 28. Rxe8+ Bxe8 1/2-1/2

[Event "III Festival A"]
[Site "Vanzaghello ITA"]
[Date "2002.09.21"]
[Round "4"]
[White "Kidane, Robel"]
[Black "Cardani, Roberto"]
[Result "0-1"]
[WhiteElo "1770"]
[BlackElo "1692"]
[PlyCount "78"]
[EventDate "2002.09.19"]

1. e4 c5 2. Nf3 d6 3. d4 cxd4 4. Nxd4 Nf6 5. Nc3 a6 6. Bg5 e6 7. f4 Be7 8. Qf3
Qc7 9. O-O-O Nbd7 10. g4 b5 11. Bxf6 Nxf6 12. g5 Nd7 13. f5 Nc5 14. Bh3 b4 15.
Nce2 e5 16. Nb3 Bxg5+ 17. Kb1 a5 18. Nxc5 Qxc5 19. Rd5 Qc7 20. Rhd1 Be7 21. f6
Bxf6 22. Rxd6 Be7 23. R6d5 O-O 24. Bxc8 Raxc8 25. Qb3 Rfd8 26. Rxd8+ Rxd8 27.
Rd5 g6 28. Qd3 Rxd5 29. exd5 f5 30. Qb5 Kf7 31. Qd3 Qc5 32. c4 e4 33. Qh3 h5
34. Qg2 Bd6 35. Qg5 Qxc4 36. Qh6 Qxe2 37. Qh7+ Kf6 38. Qh8+ Kg5 39. b3 Qd3+ 0-1

[Event "III Festival A"]
[Site "Vanzaghello ITA"]
[Date "2002.09.22"]
[Round "5"]
[White "Barlocco, Carlo"]
[Black "Kidane, Robel"]
[Result "1-0"]
[WhiteElo "2136"]
[BlackElo "1770"]
[PlyCount "61"]
[EventDate "2002.09.19"]

1. e4 c5 2. d3 Nc6 3. Nf3 g6 4. g3 Bg7 5. Bg2 d6 6. Nbd2 e5 7. O-O Nge7 8. a4
O-O 9. Nc4 f5 10. exf5 d5 11. Ncd2 gxf5 12. c4 d4 13. Re1 Qe8 14. Nb3 Qg6 15.
Nxc5 Bf6 16. b4 Nxb4 17. Nxe5 Bxe5 18. Rxe5 Qd6 19. Bf4 Ng6 20. Rd5 Qf6 21. Nd7
Bxd7 22. Rxd7 Nxf4 23. gxf4 Rf7 24. Rxb7 Rxb7 25. Bxb7 Rb8 26. Bg2 Kh8 27. Qf3
Rg8 28. Kh1 Qg6 29. Bh3 a5 30. Re1 Na2 31. Qd5 1-0

[Event "III Festival A"]
[Site "Vanzaghello ITA"]
[Date "2002.09.22"]
[Round "5"]
[White "Bianchi, Alberto"]
[Black "Guidi, Maurizio"]
[Result "0-1"]
[WhiteElo "2044"]
[BlackElo "1852"]
[PlyCount "49"]
[EventDate "2002.09.19"]

1. e4 c5 2. Nf3 Nc6 3. Nc3 g6 4. g3 Bg7 5. Bg2 Nf6 6. d3 O-O 7. h3 d6 8. Be3 e5
9. Qd2 Nd4 10. Ne2 Bd7 11. c3 Ne6 12. Ng5 Bc6 13. f4 exf4 14. gxf4 b5 15. O-O
Nd7 16. f5 Nxg5 17. Bxg5 f6 18. Bh4 g5 19. Bxg5 fxg5 20. Ng3 Ne5 21. Qe2 Qe8
22. b3 Rd8 23. Rfc1 d5 24. d4 cxd4 25. cxd4 0-1

[Event "III Festival A"]
[Site "Vanzaghello ITA"]
[Date "2002.09.22"]
[Round "5"]
[White "Caligara, Roberto"]
[Black "Cardani, Roberto"]
[Result "1-0"]
[WhiteElo "1827"]
[BlackElo "1692"]
[PlyCount "61"]
[EventDate "2002.09.19"]

1. e4 c5 2. Nf3 d6 3. d4 cxd4 4. c3 Nf6 5. e5 dxe5 6. Nxe5 Nbd7 7. Bb5 e6 8.
O-O Be7 9. cxd4 O-O 10. Nc3 a6 11. Bd3 Nxe5 12. dxe5 Nd5 13. Ne4 Qc7 14. Re1 f5
15. exf6 gxf6 16. Bh6 Rf7 17. Rc1 Qd7 18. Bc4 b5 19. Bb3 Bb7 20. Nc3 Kh8 21.
Qe2 Nxc3 22. Rxc3 Rg8 23. Rg3 Rxg3 24. hxg3 Bd5 25. Rd1 Qc6 26. Bxd5 exd5 27.
Qh5 Kg8 28. Qg4+ Kh8 29. Rc1 Qd6 30. Rc8+ Bf8 31. Rxf8+ 1-0

[Event "III Festival A"]
[Site "Vanzaghello ITA"]
[Date "2002.09.22"]
[Round "5"]
[White "Pattarello, Pierluigi"]
[Black "Fattorelli, Luciano"]
[Result "1/2-1/2"]
[WhiteElo "1788"]
[BlackElo "1843"]
[PlyCount "58"]
[EventDate "2002.09.19"]

1. d4 d6 2. c4 Nf6 3. Nc3 g6 4. e4 Bg7 5. f4 c5 6. dxc5 Qa5 7. Bd3 Qxc5 8. Nf3
Bg4 9. Qe2 Nc6 10. Be3 Qa5 11. O-O Nd7 12. Rac1 O-O 13. Qf2 Bxf3 14. gxf3 Rac8
15. Bb1 Qb4 16. Nd1 a6 17. b3 a5 18. Bd2 Qa3 19. Nc3 Nc5 20. Nb5 Qb2 21. e5 Nb4
22. Bxb4 Qxf2+ 23. Kxf2 axb4 24. exd6 exd6 25. Rcd1 f5 26. Nxd6 Rcd8 27. Nb5
Bh6 28. Rfe1 Bxf4 29. Kg2 Kf7 1/2-1/2

[Event "III Festival A"]
[Site "Vanzaghello ITA"]
[Date "2002.09.22"]
[Round "5"]
[White "Stefanetti, Marco"]
[Black "Damia, Angelo"]
[Result "0-1"]
[WhiteElo "1876"]
[BlackElo "1888"]
[PlyCount "78"]
[EventDate "2002.09.19"]

1. d4 Nf6 2. Nf3 g6 3. c4 Bg7 4. Nc3 O-O 5. e4 d6 6. Be2 Nc6 7. O-O e5 8. d5
Ne7 9. Ne1 Ne8 10. f3 f5 11. g4 fxg4 12. fxg4 Rxf1+ 13. Kxf1 Nf6 14. Nd3 Qf8
15. Kg2 h6 16. Be3 Bd7 17. h4 Kh7 18. Nf2 Qf7 19. Qd2 Rf8 20. b4 h5 21. g5 Nfg8
22. a4 a6 23. Rf1 Qe8 24. b5 a5 25. c5 dxc5 26. Bxc5 b6 27. Ba3 Rf4 28. Nd3
Rxh4 29. Nd1 Rxe4 30. N3f2 Rxa4 31. Bb2 Rf4 32. Nc3 Nf5 33. Rh1 Rh4 34. Re1 Nd4
35. Qc1 Ne7 36. Nce4 Nxd5 37. Bxd4 exd4 38. Bc4 Ne3+ 39. Kg3 Qe5+ 0-1

[Event "III Festival A"]
[Site "Vanzaghello ITA"]
[Date "2002.09.22"]
[Round "6"]
[White "Cacco, Christian"]
[Black "Caligara, Roberto"]
[Result "1-0"]
[WhiteElo "2248"]
[BlackElo "1827"]
[PlyCount "45"]
[EventDate "2002.09.19"]

1. d4 Nf6 2. Nf3 d5 3. c4 dxc4 4. Nc3 c6 5. e3 b5 6. a4 b4 7. Na2 e6 8. Bxc4
Bd6 9. Qd3 O-O 10. e4 Be7 11. Bg5 c5 12. O-O Bb7 13. Rfe1 cxd4 14. Qxd4 Qc7 15.
e5 Bc5 16. Qh4 Nfd7 17. Bd3 f5 18. exf6 Nxf6 19. Bf4 Qb6 20. a5 Qc6 21. Rac1
Nbd7 22. a6 Bc8 23. Ng5 1-0

[Event "III Festival A"]
[Site "Vanzaghello ITA"]
[Date "2002.09.22"]
[Round "6"]
[White "Cardani, Roberto"]
[Black "Pattarello, Pierluigi"]
[Result "1/2-1/2"]
[WhiteElo "1692"]
[BlackElo "1788"]
[PlyCount "48"]
[EventDate "2002.09.19"]

1. e4 e6 2. d4 d5 3. Nd2 c5 4. exd5 Qxd5 5. Ngf3 cxd4 6. Bc4 Qd8 7. O-O Nf6 8.
Nb3 Nc6 9. Nbxd4 Nxd4 10. Nxd4 Qc7 11. Qe2 a6 12. h3 Be7 13. Re1 O-O 14. Nf3
Bd7 15. Ne5 Bd6 16. Nxd7 Nxd7 17. c3 b5 18. Bd3 g6 19. Bh6 Rfe8 20. Rac1 Nc5
21. c4 Nxd3 22. Qxd3 Bf4 23. Bxf4 Qxf4 24. Qe4 Qxe4 1/2-1/2

[Event "III Festival A"]
[Site "Vanzaghello ITA"]
[Date "2002.09.22"]
[Round "6"]
[White "De Santis, Alessio"]
[Black "Antognini, Francesco"]
[Result "1-0"]
[WhiteElo "2243"]
[BlackElo "2094"]
[PlyCount "41"]
[EventDate "2002.09.19"]

1. d4 Nf6 2. c4 e6 3. Nc3 Bb4 4. f3 O-O 5. e4 d6 6. Nge2 e5 7. a3 Bxc3+ 8. Nxc3
Nc6 9. d5 Ne7 10. Be2 a5 11. Be3 Nh5 12. Qd2 Ng6 13. g3 Bh3 14. O-O-O Qd7 15.
Rhg1 Rfe8 16. f4 exf4 17. gxf4 Nf6 18. f5 Ne5 19. Rxg7+ Kh8 20. Rg3 Bg4 21. Bg5
1-0

[Event "III Festival A"]
[Site "Vanzaghello ITA"]
[Date "2002.09.22"]
[Round "6"]
[White "Fattorelli, Luciano"]
[Black "Kidane, Robel"]
[Result "1-0"]
[WhiteElo "1843"]
[BlackElo "1770"]
[PlyCount "93"]
[EventDate "2002.09.19"]

1. e4 c5 2. Nc3 Nc6 3. g3 g6 4. Bg2 Bg7 5. d3 d6 6. Be3 e5 7. Nge2 Nge7 8. Qd2
Rb8 9. a4 Nd4 10. O-O O-O 11. Rae1 a6 12. f4 f5 13. fxe5 dxe5 14. Nd1 b5 15.
axb5 axb5 16. Nc1 c4 17. c3 Ne6 18. Rf2 f4 19. gxf4 exf4 20. Bxf4 Nxf4 21. Rxf4
Bh6 22. Rxf8+ Qxf8 23. Qc2 Qf4 24. Ne2 Qh4 25. Ng3 Bf4 26. d4 Bg4 27. Ne3 Bxg3
28. hxg3 Qxg3 29. Qf2 Qxf2+ 30. Kxf2 Bd7 31. e5 Rf8+ 32. Kg3 h5 33. Re2 g5 34.
d5 h4+ 35. Kh2 Ng6 36. e6 Nf4 37. Rd2 Bc8 38. e7 Re8 39. d6 Bd7 40. Be4 Kg7 41.
Bf5 Ne6 42. Nd5 Kf7 43. Nc7 Rb8 44. Re2 Nf4 45. Bxd7 Nxe2 46. e8=Q+ Rxe8 47.
Bxe8+ 1-0

[Event "III Festival A"]
[Site "Vanzaghello ITA"]
[Date "2002.09.22"]
[Round "6"]
[White "Guidi, Maurizio"]
[Black "Barlocco, Carlo"]
[Result "1/2-1/2"]
[WhiteElo "1852"]
[BlackElo "2136"]
[PlyCount "27"]
[EventDate "2002.09.19"]

1. e4 d6 2. d4 Nf6 3. Nc3 e5 4. dxe5 dxe5 5. Qxd8+ Kxd8 6. Bg5 Nbd7 7. O-O-O
Bd6 8. Bc4 Rf8 9. Nf3 Ke8 10. Rhe1 a6 11. Nd5 Nxd5 12. Bxd5 Nc5 13. h3 f6 14.
Be3 1/2-1/2

[Event "III Festival A"]
[Site "Vanzaghello ITA"]
[Date "2002.09.22"]
[Round "6"]
[White "Stefanetti, Marco"]
[Black "Bianchi, Alberto"]
[Result "1-0"]
[WhiteElo "1876"]
[BlackElo "2044"]
[PlyCount "59"]
[EventDate "2002.09.19"]

1. d4 d5 2. Nf3 e6 3. c3 Be7 4. Bf4 Nf6 5. Nbd2 b6 6. e3 O-O 7. Ne5 Bb7 8. Bd3
Nbd7 9. Nxd7 Nxd7 10. Qe2 c5 11. O-O a5 12. Nf3 c4 13. Bc2 b5 14. Ne5 Nxe5 15.
Bxe5 Ba6 16. Qh5 g6 17. Qh6 Bf6 18. f4 Bxe5 19. fxe5 f5 20. exf6 Rxf6 21. Rxf6
Qxf6 22. Rf1 Qg7 23. Qf4 Re8 24. e4 e5 25. dxe5 Qxe5 26. Qf7+ Kh8 27. Qa7 dxe4
28. Rf7 Bc8 29. Rxh7+ Kg8 30. Qf7# 1-0

[Event "IV Open"]
[Site "Crema ITA"]
[Date "2002.09.06"]
[Round "1"]
[White "Agnelli, Francesco"]
[Black "Badalotti, Dario"]
[Result "1-0"]
[WhiteElo "2146"]
[BlackElo "1585"]
[PlyCount "75"]
[EventDate "2002.09.06"]

1. e4 c5 2. Nf3 Nc6 3. d4 cxd4 4. Nxd4 Nf6 5. Nc3 a6 6. Nxc6 dxc6 7. Qxd8+ Kxd8
8. Bg5 e5 9. Bc4 Ke8 10. a3 Bc5 11. f3 Ke7 12. O-O-O h6 13. Bh4 g5 14. Bg3 Be6
15. Bd3 Nd7 16. Kb1 f6 17. Ne2 Bb6 18. Be1 Rhd8 19. Ng3 Kf7 20. h4 g4 21. Bd2
Kg7 22. Nf5+ Bxf5 23. exf5 gxf3 24. gxf3 h5 25. Rh2 Re8 26. Rg2+ Kh7 27. Rg6
Re7 28. Bc4 e4 29. Rh6+ Kg7 30. Rxh5 Rh8 31. Rxh8 Kxh8 32. fxe4 Rxe4 33. Bc3
Ne5 34. Be6 Kg7 35. Bxe5 fxe5 36. Rd7+ Kf8 37. Rxb7 Bd4 38. f6 1-0

[Event "IV Open"]
[Site "Crema ITA"]
[Date "2002.09.06"]
[Round "1"]
[White "Annoni, Riccardo"]
[Black "Salami, Giovanni"]
[Result "1-0"]
[WhiteElo "1843"]
[BlackElo "1510"]
[PlyCount "51"]
[EventDate "2002.09.06"]

1. e4 c5 2. c3 e5 3. Nf3 d6 4. Bc4 Be7 5. O-O Nd7 6. Qb3 Ngf6 7. Bxf7+ Kf8 8.
Ng5 Nb6 9. f4 c4 10. Bxc4 Nxc4 11. Qxc4 d5 12. exd5 Nxd5 13. fxe5+ Ke8 14. Qb5+
Qd7 15. Qxd7+ Bxd7 16. d4 Bxg5 17. Bxg5 h6 18. Bd2 Nb6 19. Na3 a6 20. c4 Na4
21. b3 Nb2 22. Bc3 Nd3 23. Rad1 b5 24. Rxd3 Ke7 25. Rdf3 Rhf8 26. Bb4+ 1-0

[Event "IV Open"]
[Site "Crema ITA"]
[Date "2002.09.06"]
[Round "1"]
[White "Benedetti, Maurizio"]
[Black "Trangoni, Bruno"]
[Result "0-1"]
[WhiteElo "1458"]
[BlackElo "1695"]
[PlyCount "48"]
[EventDate "2002.09.06"]

1. e4 e5 2. Nf3 Nc6 3. Bb5 f5 4. d3 fxe4 5. dxe4 Nf6 6. Nbd2 d6 7. h3 Be7 8. a3
O-O 9. Bc4+ Kh8 10. Qe2 Nd4 11. Nxd4 exd4 12. Nf3 d5 13. exd5 Bc5 14. O-O Nxd5
15. Bg5 Qd6 16. Qd2 Bxh3 17. Nxd4 Nb6 18. Ba2 Bxd4 19. gxh3 Qg3+ 20. Kh1 Bxf2
21. Be6 Rae8 22. Bg4 Nc4 23. Qb4 Ne5 24. Rae1 Nxg4 0-1

[Event "IV Open"]
[Site "Crema ITA"]
[Date "2002.09.06"]
[Round "1"]
[White "Biava, Pierluigi"]
[Black "Pinotti, Claudio"]
[Result "1-0"]
[WhiteElo "1546"]
[BlackElo "2073"]
[PlyCount "87"]
[EventDate "2002.09.06"]

1. f4 Nf6 2. Nf3 d6 3. e3 c6 4. b3 Qc7 5. Bb2 Nbd7 6. d4 e6 7. Bd3 Be7 8. O-O
O-O 9. Nbd2 b6 10. Qe2 Bb7 11. c4 c5 12. e4 cxd4 13. Nxd4 Nc5 14. Bc2 e5 15.
fxe5 dxe5 16. Nf5 Rfe8 17. Rf3 Bf8 18. Rg3 Rad8 19. Rf1 Kh8 20. Rh3 Qd7 21. Nf3
Qc7 22. Ng5 g6 23. Nh6 Bxh6 24. Rxh6 Kg7 25. Rxf6 Kxh6 26. Rxf7 Rd7 27. Bc1
Rxf7 28. Ne6+ g5 29. Nxc7 Rxc7 30. Qg4 Rg8 31. h4 Bc8 32. Bxg5+ Kg6 33. Qg3 Nd7
34. Bd1 Rc6 35. Bg4 h6 36. Be7 Kf7 37. Bh5+ Rcg6 38. Bd6 Nf6 39. Bxg6+ Rxg6 40.
Qxe5 Nxe4 41. Qe7+ Kg8 42. Qe8+ Kh7 43. Be5 Rg8 44. Qf7+ 1-0

[Event "IV Open"]
[Site "Crema ITA"]
[Date "2002.09.06"]
[Round "1"]
[White "Borboni, Paolo"]
[Black "Brunello, Sabino"]
[Result "0-1"]
[WhiteElo "1521"]
[BlackElo "1957"]
[PlyCount "46"]
[EventDate "2002.09.06"]

1. e4 e5 2. Nf3 Nc6 3. d4 exd4 4. Bc4 Bc5 5. c3 Nf6 6. e5 d5 7. exf6 dxc4 8.
Qe2+ Be6 9. fxg7 Rg8 10. Ng5 Qd5 11. O-O Rxg7 12. Ne4 O-O-O 13. Re1 Bh3 14. Qf3
Bxg2 15. Qf6 Rg6 16. Qxg6 hxg6 17. Kxg2 f5 18. Bg5 Be7 19. Bxe7 Nxe7 20. cxd4
fxe4 21. Nc3 Qg5+ 22. Kf1 Rh8 23. Nxe4 Qf4 0-1

[Event "IV Open"]
[Site "Crema ITA"]
[Date "2002.09.06"]
[Round "1"]
[White "Castrogiovanni, Carlo"]
[Black "Volpati, Antonio"]
[Result "1-0"]
[WhiteElo "2071"]
[BlackElo "1540"]
[PlyCount "37"]
[EventDate "2002.09.06"]

1. Nf3 Nf6 2. c4 Nc6 3. d4 d5 4. cxd5 Nxd5 5. e4 Nb6 6. d5 Na5 7. b4 Nac4 8.
Qc2 Qd6 9. Bxc4 Qxb4+ 10. Nbd2 g6 11. Ba3 Qa5 12. Bb2 f6 13. Bb3 Bd7 14. O-O c6
15. Nc4 Nxc4 16. Qxc4 cxd5 17. Qxd5 Qb6 18. Rad1 Bc6 19. Qf7# 1-0

[Event "IV Open"]
[Site "Crema ITA"]
[Date "2002.09.06"]
[Round "1"]
[White "Ceresoli, Luigi"]
[Black "Vetturi, Pietro"]
[Result "1-0"]
[WhiteElo "2204"]
[BlackElo "1600"]
[PlyCount "95"]
[EventDate "2002.09.06"]

1. e4 c5 2. Nf3 d6 3. d4 cxd4 4. Nxd4 Nf6 5. Nc3 a6 6. Bd3 Nc6 7. Nb3 b5 8. O-O
Bb7 9. f4 e5 10. Nd5 Nxd5 11. exd5 Nb4 12. Be4 a5 13. a3 Na6 14. Qe2 Nc7 15.
fxe5 dxe5 16. d6 Bxe4 17. dxc7 Qd5 18. Bg5 Be7 19. Rad1 Qc4 20. Qxc4 bxc4 21.
Bxe7 Kxe7 22. Nc5 Bc6 23. Rfe1 f6 24. Rd4 Ra7 25. Rxc4 Rxc7 26. Nb3 a4 27. Nd4
Rhc8 28. Nf5+ Kf8 29. Rd1 Rd7 30. Rd6 Rxd6 31. Nxd6 Rc7 32. b4 axb3 33. cxb3
Ke7 34. Nf5+ Ke6 35. Nxg7+ Rxg7 36. Rxc6+ Kf5 37. b4 Ra7 38. Rc3 e4 39. Kf2 Kf4
40. b5 Rd7 41. g3+ Kg4 42. b6 f5 43. Rb3 Rb7 44. a4 f4 45. gxf4 Kxf4 46. a5 Rd7
47. b7 Rd2+ 48. Ke1 1-0

[Event "IV Open"]
[Site "Crema ITA"]
[Date "2002.09.06"]
[Round "1"]
[White "Dragojlovic, Andjelko"]
[Black "Bozuffi, Italo"]
[Result "1-0"]
[WhiteElo "2351"]
[BlackElo "1600"]
[PlyCount "137"]
[EventDate "2002.09.06"]

1. Nf3 c6 2. b3 e6 3. Bb2 b5 4. g3 Na6 5. Bg2 Bb7 6. O-O Nf6 7. c4 Nc7 8. Ne5
Bd6 9. d4 a6 10. Nc3 Rb8 11. Nd3 Ba8 12. c5 Be7 13. e4 a5 14. e5 Nfd5 15. Ne4
O-O 16. a3 f5 17. exf6 Nxf6 18. Ne5 Ncd5 19. Qc2 Nxe4 20. Bxe4 Nf6 21. Bg2 Bb7
22. f4 Ba6 23. b4 a4 24. Rae1 Bb7 25. f5 Nd5 26. Be4 Bf6 27. fxe6 Bxe5 28.
Bxh7+ Kh8 29. Rxf8+ Qxf8 30. dxe5 dxe6 31. Bg6 Qf3 32. Qe4 Qxe4 33. Rxe4 Kg8
34. Bd4 Ne7 35. Bh5 Rf8 36. Bc3 Bc8 37. Rd4 Nd5 38. Bd2 Rf5 39. Bg4 Rxe5 40.
Kf2 Kf7 41. h4 g6 42. Bf4 Nxf4 43. Rxf4+ Kg7 44. Bf3 Bd7 45. Rd4 Be8 46. Rd6
Rf5 47. Ke3 Kf7 48. Bxc6 Bxc6 49. Rxc6 Re5+ 50. Kf4 Re1 51. Rb6 e5+ 52. Kf3 e4+
53. Kf2 Ra1 54. Rxb5 Rxa3 55. Ra5 Ke7 56. b5 Kd7 57. Ra7+ Kc8 58. c6 Rb3 59.
Rxa4 Rxb5 60. Rxe4 Rc5 61. Re6 Kc7 62. Rxg6 Rxc6 63. Rxc6+ Kxc6 64. Kf3 Kd7 65.
g4 Ke6 66. Kf4 Kf7 67. Kf5 Kg8 68. Kf6 Kh8 69. Kf7 1-0

[Event "IV Open"]
[Site "Crema ITA"]
[Date "2002.09.06"]
[Round "1"]
[White "Festa, Samuele"]
[Black "Fabiano, Manuel"]
[Result "1-0"]
[WhiteElo "1660"]
[BlackElo "1383"]
[PlyCount "51"]
[EventDate "2002.09.06"]

1. Nf3 d5 2. b3 Bf5 3. Bb2 Nd7 4. g3 Ngf6 5. Bg2 e6 6. O-O Be7 7. d3 h6 8. Nbd2
c5 9. Re1 O-O 10. e4 dxe4 11. dxe4 Bh7 12. c4 Ne8 13. e5 Nc7 14. Qe2 a6 15. Ne4
b5 16. Rad1 Rb8 17. cxb5 Nxb5 18. Qe3 Qc7 19. Rxd7 Qxd7 20. Nf6+ Bxf6 21. exf6
Nd4 22. Ne5 Qd8 23. Ng4 Nc2 24. Nxh6+ gxh6 25. Qxh6 Kh8 26. Qg7# 1-0

[Event "IV Open"]
[Site "Crema ITA"]
[Date "2002.09.06"]
[Round "1"]
[White "Folcini, Gaddo"]
[Black "Prati, Alessandro"]
[Result "0-1"]
[WhiteElo "1344"]
[BlackElo "1624"]
[PlyCount "88"]
[EventDate "2002.09.06"]

1. d4 Nf6 2. e4 Nxe4 3. Nf3 d5 4. Ne5 Nf6 5. Nd2 e6 6. Ndf3 Be7 7. Bd3 Nbd7 8.
h4 c5 9. Ng5 Nxe5 10. dxe5 Nd7 11. Nxe6 fxe6 12. Qh5+ Kf8 13. Bxh7 Qe8 14. Qf3+
Qf7 15. Bg5 Rxh7 16. Bxe7+ Kxe7 17. Qe3 b6 18. O-O-O Qh5 19. f4 Bb7 20. Qa3 Qf5
21. g3 Qe4 22. Rhe1 Qc4 23. Kb1 d4 24. c3 dxc3 25. bxc3 Rhh8 26. Rd4 Qb5+ 27.
Ka1 Rhd8 28. Rd2 Nf8 29. Rf2 Rd3 30. g4 Rad8 31. Rff1 a6 32. f5 Bf3 33. Qc1 Nh7
34. Qf4 Rd1+ 35. Rxd1 Rxd1+ 36. Rxd1 Bxd1 37. Qd2 Qd7 38. Qf4 Bc2 39. g5 Qd1+
40. Kb2 exf5 41. g6 Nf8 42. Qg5+ Ke6 43. Qg3 Qb1+ 44. Ka3 Qc1# 0-1

[Event "IV Open"]
[Site "Crema ITA"]
[Date "2002.09.06"]
[Round "1"]
[White "Gaeta, Antonio Angelo"]
[Black "Panizzi, Giuseppe"]
[Result "0-1"]
[WhiteElo "1510"]
[BlackElo "1859"]
[PlyCount "90"]
[EventDate "2002.09.06"]

1. d4 Nf6 2. Nf3 e6 3. e3 b6 4. Bd3 Bb4+ 5. c3 Be7 6. Nbd2 d5 7. O-O Ba6 8. Qc2
Bxd3 9. Qxd3 Nbd7 10. Re1 c5 11. e4 dxe4 12. Nxe4 O-O 13. dxc5 Nxc5 14. Qxd8
Rfxd8 15. Nxc5 Bxc5 16. Bg5 Rd5 17. Bxf6 gxf6 18. c4 Rd7 19. b3 Rad8 20. Kf1 a5
21. Ke2 Kg7 22. Rad1 Rxd1 23. Rxd1 Rxd1 24. Kxd1 Bxf2 25. Nd2 f5 26. Nf3 Kf6
27. Ke2 Bc5 28. Ne1 e5 29. Nd3 f4 30. Ne1 e4 31. Nc2 Ke5 32. a3 f5 33. b4 axb4
34. axb4 Be7 35. Kf2 h5 36. Ke2 h4 37. h3 Bd6 38. Kf2 e3+ 39. Kf3 Be7 40. Ne1
Bd6 41. c5 bxc5 42. bxc5 Bc7 43. c6 Kd5 44. Nd3 Kxc6 45. Nxf4 Bxf4 0-1

[Event "IV Open"]
[Site "Crema ITA"]
[Date "2002.09.06"]
[Round "1"]
[White "Galli, Massimiliano"]
[Black "Golia, Franco"]
[Result "0-1"]
[WhiteElo "1500"]
[BlackElo "1837"]
[PlyCount "48"]
[EventDate "2002.09.06"]

1. d4 Nf6 2. c4 g6 3. Nc3 d5 4. Bg5 Ne4 5. Nxe4 dxe4 6. f3 Bg7 7. e3 c5 8. Qd2
cxd4 9. fxe4 Nc6 10. Rd1 O-O 11. Nf3 Bg4 12. Be2 Bxf3 13. Bxf3 Qb6 14. O-O h6
15. Bf4 g5 16. Bg3 dxe3 17. Qe2 Nd4 18. Qd3 Nxf3+ 19. Rxf3 e2+ 20. Bf2 exd1=Q+
21. Qxd1 Rfd8 22. Rd3 Rxd3 23. Qxd3 Qxb2 24. h3 Be5 0-1